Normal view MARC view

Entry Nome pessoal

Number of records used in: 1

001 - NÚMERO DE CONTROLE

  • campo de controle: 158

003 - IDENTIFICADOR DO NÚMERO DE CONTROLE

  • campo de controle: Br

005 - DATA E HORÁRIO DA ÚLTIMA TRANSAÇÃO

  • campo de controle: 20250122161514.0

008 - CAMPO DE DADOS FIXOS

  • campo de controle de tamanho fixo: 991006|| acnnnaab| aaaa d

035 ## - NÚMERO DE CONTROLE DO SISTEMA

  • Número de Controle do Sistema: 99100615093902106

040 ## - FONTE DA CATALOGAÇÃO

  • Instituição da catalogação original: Br
  • Instituição que transcreveu o registro: Br

100 1# - CABEÇALHO--NOME PESSOAL

  • Nome pessoal: Blume, Judy.
  • Datas associadas ao nome: 1938-

670 ## - FONTE POSITIVA DOS DADOS

  • Citação da fonte positiva dos dados: Autor de: Mulheres sabidas. 1986.

670 ## - FONTE POSITIVA DOS DADOS

  • Citação da fonte positiva dos dados: LC Mic. 77/83 set.
  • Dados encontrados na fonte localizada no subcampo: (AACR2)

Powered by Koha